[Event "POL-ch U18"]
[Site "Sypniewo"]
[Date "2022.03.26"]
[Round "8"]
[White "Ullrich, Karol"]
[Black "Ciborowski, Konrad Jr"]
[Result "1/2-1/2"]
[WhiteElo "1748"]
[BlackElo "1869"]
[PlyCount "112"]
[EventDate "2022.03.19"]
[EventType "swiss"]
[EventRounds "9"]
[EventCountry "POL"]
[SourceTitle "CBM 207 Extra"]
[Source "ChessBase"]
[SourceDate "2022.05.31"]
[SourceVersion "1"]
[SourceVersionDate "2022.05.31"]
[SourceQuality "1"]

1. e4 c5 2. Nf3 d6 3. d4 cxd4 4. Nxd4 Nf6 5. Nc3 a6 6. Bc4 e6 7. Bb3 b5 8. 0-0 Be7 9. Qf3 Qc7 10. Qg3 0-0 11. Bh6 Ne8 12. Kh1 Nc6 13. Nxc6 Qxc6 14. a3 Kh8 15. Be3 a5 16. Bd4 a4 17. Ba2 Rb8 18. b4 axb3 19. Bxb3 Bf6 20. e5 dxe5 21. Bxe5 Bxe5 22. Qxe5 Nd6 23. a4 Ba6 24. axb5 Nxb5 25. Nxb5 Rxb5 26. Qe3 Rh5 27. Rfc1 Bb7 28. Qg3 Qc5 29. f3 Rg5 30. Qe1 Qf5 31. Qf2 e5 32. Qe3 Qg6 33. Ra7 Bc6 34. Qc5 Kg8 35. Ra6 Qh6 36. Rxc6 Rg6 37. Bxf7+ Kxf7 38. Qd5+ Re6 39. Qd7+ Re7 40. Qf5+ Kg8 41. Qxf8+ Kxf8 42. Rxh6 gxh6 43. Rd1 e4 44. Kg1 exf3 45. gxf3 Re3 46. Kf2 Rc3 47. Rd2 Kf7 48. Kg3 Kf6 49. Rf2 Kf5 50. Re2 h5 51. Rf2 Kg5 52. Kh3 h4 53. Kg2 Kf4 54. Rd2 Rxf3 55. Rd4+ Ke5 56. Rxh4 Rc3 1/2-1/2

[Event "POL-ch U17 Qual"]
[Site "Jastrzebia Gora"]
[Date "2021.11.16"]
[Round "3"]
[White "Wolcyrz, Jakub"]
[Black "Ullrich, Karol"]
[Result "0-1"]
[WhiteElo "1350"]
[BlackElo "1605"]
[PlyCount "78"]
[EventDate "2021.11.15"]
[EventType "swiss"]
[EventRounds "9"]
[EventCountry "POL"]
[SourceTitle "EXT 2023"]
[Source "ChessBase"]
[SourceDate "2022.10.05"]
[SourceVersion "1"]
[SourceVersionDate "2022.10.05"]
[SourceQuality "1"]

1. e4 c6 2. d4 d5 3. f3 e6 4. Nc3 Bb4 5. Bf4 Ne7 6. Qd3 c5 7. 0-0-0 c4 8. Qe3 b5 9. Nxb5 Na6 10. a3 Qb6 11. axb4 Qxb5 12. c3 Qa4 13. Bd6 Bd7 14. Kd2 Nc8 15. Bg3 0-0 16. h4 Qa2 17. h5 h6 18. Bf4 dxe4 19. g4 exf3 20. Nxf3 Bc6 21. Rg1 Ne7 22. Ne5 Nd5 23. Qg3 Ba4 24. Rc1 Qxb2+ 25. Ke1 Naxb4 26. cxb4 Qxd4 27. Rxc4 Qd1+ 28. Kf2 Bb5 29. Rc1 Qd4+ 30. Be3 Qb2+ 31. Ke1 Qxb4+ 32. Bd2 Qe4+ 33. Kf2 Bxf1 34. Kxf1 f5 35. g5 f4 36. Qg4 Qxe5 37. gxh6 Ne3+ 38. Bxe3 fxe3+ 39. Ke1 Qa5+ 0-1

[Event "Rubinstein Memorial op-D 57th"]
[Site "Polanica Zdroj"]
[Date "2021.08.15"]
[Round "2"]
[White "Budnik, Mateusz"]
[Black "Ullrich, Karol"]
[Result "1-0"]
[WhiteElo "2000"]
[BlackElo "1630"]
[PlyCount "99"]
[EventDate "2021.08.14"]
[EventType "swiss"]
[EventRounds "9"]
[EventCountry "POL"]
[SourceTitle "CBM 204 Extra"]
[Source "ChessBase"]
[SourceDate "2021.11.30"]
[SourceVersion "1"]
[SourceVersionDate "2021.11.30"]
[SourceQuality "1"]

1. Nf3 d5 2. b3 Nf6 3. Bb2 c6 4. e3 Bg4 5. Be2 e6 6. 0-0 Bd6 7. h3 Bxf3 8. Bxf3 e5 9. d3 0-0 10. c4 Nbd7 11. cxd5 cxd5 12. Nc3 Nb6 13. a4 a5 14. Nb5 Bb8 15. Rc1 e4 16. dxe4 dxe4 17. Qxd8 Rxd8 18. Bxf6 gxf6 19. Bxe4 Bd6 20. Bxb7 Rab8 21. Bf3 Nc8 22. Rfd1 Rb6 23. Rxc8 Rxc8 24. Rxd6 Rxd6 25. Nxd6 Rb8 26. Nc4 Rxb3 27. Nxa5 Ra3 28. Bc6 Kf8 29. Bb5 Ke7 30. Nc6+ Kd6 31. Nd4 Ra1+ 32. Kh2 Ra2 33. Kg3 Ke5 34. Kf3 f5 35. Ne2 Rb2 36. Nf4 Ra2 37. Nd3+ Kf6 38. Kf4 Rd2 39. g3 Ra2 40. f3 Ra3 41. Nb2 Ke6 42. Nc4 Rb3 43. g4 fxg4 44. hxg4 Rb4 45. Ke4 Kf6 46. f4 Kg6 47. Kd4 h5 48. gxh5+ Kxh5 49. Kc5 Rb3 50. a5 1-0

[Event "Polanica Zdroj op-E 56th"]
[Site "Polanica Zdroj"]
[Date "2020.08.23"]
[Round "9"]
[White "Ullrich, Karol"]
[Black "Ugorek, Kacper"]
[Result "1-0"]
[WhiteElo "1471"]
[BlackElo "1331"]
[PlyCount "65"]
[EventDate "2020.08.15"]
[EventType "swiss"]
[EventRounds "9"]
[EventCountry "POL"]
[SourceTitle "CBM 198 Extra"]
[Source "ChessBase"]
[SourceDate "2020.11.30"]
[SourceVersion "1"]
[SourceVersionDate "2020.11.30"]
[SourceQuality "1"]

1. e4 c5 2. Nf3 e6 3. d4 d5 4. exd5 exd5 5. Nbd2 cxd4 6. Nxd4 Bc5 7. N2b3 Bb6 8. Bb5+ Bd7 9. Bxd7+ Qxd7 10. 0-0 Ne7 11. Re1 0-0 12. Bg5 Nbc6 13. Nf3 Rfe8 14. c4 f6 15. Bh4 Rad8 16. c5 Bc7 17. Qc2 Qf5 18. Qc3 Ng6 19. Nbd4 Qd7 20. Nxc6 bxc6 21. Bg3 Bxg3 22. hxg3 Rxe1+ 23. Rxe1 Re8 24. Rd1 Qb7 25. b4 a6 26. a4 Rb8 27. Rb1 Ne7 28. Nd4 Kf7 29. Qd3 Qa7 30. Nxc6 Nxc6 31. Qxd5+ Kg6 32. Qxc6 a5 33. b5 1-0

[Event "Polanica Zdroj op-E 56th"]
[Site "Polanica Zdroj"]
[Date "2020.08.19"]
[Round "5"]
[White "Jaroszuk, Marcin"]
[Black "Ullrich, Karol"]
[Result "0-1"]
[WhiteElo "1588"]
[BlackElo "1471"]
[PlyCount "110"]
[EventDate "2020.08.15"]
[EventType "swiss"]
[EventRounds "9"]
[EventCountry "POL"]
[SourceTitle "CBM 198 Extra"]
[Source "ChessBase"]
[SourceDate "2020.11.30"]
[SourceVersion "1"]
[SourceVersionDate "2020.11.30"]
[SourceQuality "1"]

1. f4 d5 2. Nf3 Nf6 3. e3 e6 4. Be2 Bd6 5. 0-0 0-0 6. b3 c5 7. Bb2 Nbd7 8. Ne5 Qc7 9. Nxd7 Nxd7 10. c4 dxc4 11. Bxc4 e5 12. Nc3 exf4 13. Nd5 Qc6 14. Qg4 Ne5 15. Nf6+ Kh8 16. Qh5 gxf6 17. exf4 Rg8 18. g3 Bg4 19. Qh4 Nd7 20. h3 Bf3 21. Bxf7 Rg7 22. Be6 Bh1 23. Rf2 Bxf4 24. Qxf4 Qxe6 25. Qh4 Bc6 26. Raf1 Qd5 27. Kh2 Rf8 28. g4 Kg8 29. Qg3 h5 30. Rf5 Qxd2+ 31. R1f2 Qe1 32. R2f3 Qxg3+ 33. Rxg3 hxg4 34. hxg4 Rh7+ 35. Rh5 Ne5 36. Rxh7 Kxh7 37. Kg1 Rg8 38. Rh3+ Kg6 39. Ba3 b6 40. Re3 Nxg4 41. Re6 Kf7 42. Rd6 Ke7 43. Rd2 f5 44. b4 cxb4 45. Bxb4+ Kf6 46. Rd6+ Kf7 47. Bc3 f4 48. Kf1 Bb5+ 49. Kg2 Rg6 50. Rd4 Ne5+ 51. Kf2 Nd3+ 52. Kf3 Rg3+ 53. Ke2 f3+ 54. Kd1 Rg1+ 55. Kd2 f2 0-1

[Event "Polanica Zdroj op-E 56th"]
[Site "Polanica Zdroj"]
[Date "2020.08.18"]
[Round "4"]
[White "Ullrich, Karol"]
[Black "Szandurski, Radoslaw"]
[Result "1/2-1/2"]
[WhiteElo "1471"]
[BlackElo "1607"]
[PlyCount "68"]
[EventDate "2020.08.15"]
[EventType "swiss"]
[EventRounds "9"]
[EventCountry "POL"]
[SourceTitle "CBM 198 Extra"]
[Source "ChessBase"]
[SourceDate "2020.11.30"]
[SourceVersion "1"]
[SourceVersionDate "2020.11.30"]
[SourceQuality "1"]

1. e4 e5 2. Nf3 Nf6 3. Nxe5 d6 4. Nf3 Nxe4 5. Nc3 Nxc3 6. dxc3 Be7 7. Bc4 Nc6 8. Be3 Be6 9. Bb5 a6 10. Bxc6+ bxc6 11. 0-0 Bg4 12. h3 Bh5 13. Re1 0-0 14. Bf4 Bf6 15. Re3 Re8 16. Qd2 Rb8 17. b3 Rxe3 18. Qxe3 Bg6 19. Qd2 Qc8 20. Re1 c5 21. Bg5 Bxg5 22. Nxg5 h6 23. Ne4 Kf8 24. c4 Qb7 25. Nc3 Re8 26. Rxe8+ Kxe8 27. Nd5 c6 28. Nf4 Qe7 29. Nxg6 fxg6 30. c3 Kd7 31. b4 cxb4 32. cxb4 Kc7 33. a4 Qf6 34. Qe1 Kd7 1/2-1/2

[Event "Klaipeda Sea op-A 17th"]
[Site "Klaipeda"]
[Date "2020.07.25"]
[Round "6"]
[White "Ullrich, Karol"]
[Black "Pocius, Vaclovas"]
[Result "1/2-1/2"]
[WhiteElo "1404"]
[BlackElo "1714"]
[PlyCount "61"]
[EventDate "2020.07.20"]
[EventType "swiss"]
[EventRounds "7"]
[EventCountry "LTU"]
[SourceTitle "CBM 197 Extra"]
[Source "ChessBase"]
[SourceDate "2020.09.30"]
[SourceVersion "1"]
[SourceVersionDate "2020.09.30"]
[SourceQuality "1"]

1. e4 g6 2. d4 c6 3. Bd3 d5 4. e5 h5 5. Nf3 Nh6 6. c4 Bf5 7. cxd5 Qxd5 8. Nc3 Qd7 9. 0-0 Bxd3 10. Qxd3 Na6 11. a3 Nc7 12. Re1 Nf5 13. Be3 Bg7 14. b4 0-0 15. a4 Rfd8 16. Red1 Nd5 17. Nxd5 Qxd5 18. Rac1 b6 19. Qc2 Rac8 20. b5 cxb5 21. Qxc8 Rxc8 22. Rxc8+ Bf8 23. axb5 Qb3 24. Ra1 Kg7 25. Rxa7 Nxe3 26. fxe3 Qxe3+ 27. Kf1 g5 28. Raa8 g4 29. Nh4 Qd3+ 30. Ke1 Qe3+ 31. Kf1 1/2-1/2

[Event "Klaipeda Sea op-B 17th"]
[Site "Klaipeda"]
[Date "2020.07.24"]
[Round "7"]
[White "Scekaciov, Rostislav"]
[Black "Ullrich, Karol"]
[Result "1/2-1/2"]
[WhiteElo "1458"]
[BlackElo "1404"]
[PlyCount "71"]
[EventDate "2020.07.21"]
[EventType "swiss"]
[EventRounds "7"]
[EventCountry "LTU"]
[SourceTitle "CBM 197 Extra"]
[Source "ChessBase"]
[SourceDate "2020.09.30"]
[SourceVersion "1"]
[SourceVersionDate "2020.09.30"]
[SourceQuality "1"]

1. c4 c5 2. g3 Nf6 3. Bg2 e6 4. e3 d5 5. cxd5 exd5 6. d4 Nc6 7. Ne2 cxd4 8. Nxd4 Bb4+ 9. Bd2 Bxd2+ 10. Qxd2 Nxd4 11. Qxd4 0-0 12. 0-0 Bf5 13. Nc3 Be4 14. Nxe4 dxe4 15. Rfd1 Qe7 16. Qa4 Qe5 17. Rd4 Rfd8 18. Rad1 Rxd4 19. Qxd4 Qb5 20. b3 Qc6 21. h3 h6 22. Kh2 a6 23. Qc4 Qxc4 24. bxc4 Rc8 25. Rd4 b5 26. cxb5 axb5 27. Bxe4 Nxe4 28. Rxe4 Ra8 29. Rb4 Rxa2 30. Kg2 Ra5 31. Kf3 Kh7 32. Rb3 Kg6 33. e4 f5 34. e5 b4 35. Rxb4 Rxe5 36. Rb6+ 1/2-1/2

[Event "Klaipeda Sea op-A 17th"]
[Site "Klaipeda"]
[Date "2020.07.22"]
[Round "3"]
[White "Ullrich, Karol"]
[Black "Pakalniskis, Romas"]
[Result "1/2-1/2"]
[WhiteElo "1404"]
[BlackElo "1653"]
[PlyCount "76"]
[EventDate "2020.07.20"]
[EventType "swiss"]
[EventRounds "7"]
[EventCountry "LTU"]
[SourceTitle "CBM 197 Extra"]
[Source "ChessBase"]
[SourceDate "2020.09.30"]
[SourceVersion "1"]
[SourceVersionDate "2020.09.30"]
[SourceQuality "1"]

1. e4 c5 2. Nf3 Nc6 3. d4 cxd4 4. Nxd4 Nf6 5. Nc3 a6 6. Bc4 d6 7. 0-0 e6 8. Bb3 Be7 9. Bg5 0-0 10. Re1 Qc7 11. Kh1 b5 12. a3 Re8 13. f4 Bb7 14. f5 Nxd4 15. Qxd4 exf5 16. exf5 Qc5 17. Bxf6 Bxf6 18. Qxc5 dxc5 19. Bd5 Bxd5 20. Nxd5 Bxb2 21. Nc7 Bxa1 22. Nxe8 Kf8 23. Nc7 Rc8 24. Nxa6 Bb2 25. Rb1 Bxa3 26. Rxb5 Ke7 27. Kg1 Kf6 28. Rb3 Bc1 29. Kf2 Kxf5 30. Rb5 Ke4 31. Rb7 Rc6 32. Nb8 Rf6+ 33. Ke2 Kd4 34. Nd7 Re6+ 35. Kd1 Be3 36. Nf8 Rf6 37. Ra7 Kc4 38. Nxh7 Rd6+ 1/2-1/2

[Event "Poznan op 27th"]
[Site "Poznan"]
[Date "2019.08.25"]
[Round "9"]
[White "Golinska, Patrycja"]
[Black "Ullrich, Karol"]
[Result "0-1"]
[WhiteElo "1203"]
[BlackElo "1306"]
[PlyCount "74"]
[EventDate "2019.08.18"]
[EventType "swiss"]
[EventRounds "9"]
[EventCountry "POL"]
[SourceTitle "EXT 2020"]
[Source "ChessBase"]
[SourceDate "2019.10.17"]
[SourceVersion "1"]
[SourceVersionDate "2019.10.17"]
[SourceQuality "1"]

1. e4 c6 2. d4 d5 3. exd5 cxd5 4. Nc3 Nf6 5. Nf3 Nc6 6. Be2 Bg4 7. h3 Bh5 8. Bf4 e6 9. Nb5 Rc8 10. 0-0 a6 11. Nc3 Bd6 12. Bxd6 Qxd6 13. Re1 0-0 14. a3 Rfd8 15. Qd3 Bg6 16. Qd2 Ne4 17. Qd1 Nxc3 18. bxc3 Na5 19. Bd3 Rxc3 20. Bxg6 hxg6 21. Re3 Rxe3 22. fxe3 Nc4 23. Qd3 b5 24. Nd2 Rc8 25. Nxc4 Rxc4 26. Qb3 Qc6 27. Ra2 Rc3 28. Qb4 Rxe3 29. Qe7 Qc8 30. Ra1 Re4 31. Rf1 f6 32. Rf2 Rxd4 33. Re2 e5 34. Qd6 Kh7 35. Kf2 Rf4+ 36. Kg3 Qc4 37. Re1 Qc3+ 0-1

[Event "EU Union-ch U14 17th"]
[Site "Mureck"]
[Date "2019.08.06"]
[Round "7"]
[White "Chockalingam, Krithik"]
[Black "Ullrich, Karol"]
[Result "1/2-1/2"]
[WhiteElo "1368"]
[BlackElo "1306"]
[PlyCount "114"]
[EventDate "2019.07.31"]
[EventType "swiss"]
[EventRounds "9"]
[EventCountry "AUT"]
[SourceTitle "EXT 2020"]
[Source "ChessBase"]
[SourceDate "2019.10.17"]
[SourceVersion "1"]
[SourceVersionDate "2019.10.17"]
[SourceQuality "1"]

1. e4 c6 2. d4 d5 3. exd5 cxd5 4. Bd3 Nc6 5. c3 Nf6 6. Bf4 Bg4 7. Nf3 e6 8. Nbd2 Bd6 9. Bxd6 Qxd6 10. Qb3 0-0 11. 0-0 a6 12. Rae1 Nh5 13. Qc2 Nf6 14. Ne5 Bh5 15. f4 Rac8 16. Qb1 Bg6 17. Bxg6 hxg6 18. Re3 Ne7 19. Rh3 Nd7 20. Ndf3 f6 21. Nxg6 Nxg6 22. Qxg6 Qxf4 23. Qh7+ Kf7 24. Ne5+ fxe5 25. Rxf4+ exf4 26. Qh5+ Kg8 27. Qh7+ Kf7 28. Qh4 Nf6 29. Qxf4 Ke7 30. Qc1 Ne4 31. Rf3 Rxf3 32. gxf3 Nd6 33. Qg5+ Kf7 34. Qf4+ Nf5 35. Kg2 b5 36. Qd2 b4 37. Kf1 bxc3 38. bxc3 Rc4 39. Qb2 a5 40. Kf2 Kf6 41. Qd2 Ra4 42. Qb2 Rc4 43. Ke2 Kf7 44. Kd3 Ke8 45. Qb5+ Kf7 46. Qxa5 Nh4 47. Ke2 Nf5 48. Qa3 Ne7 49. Qb3 Nc6 50. a4 Kf6 51. Kd3 Kf5 52. Ke3 Na5 53. Qc2+ Kf6 54. h4 Nc6 55. h5 Ne7 56. f4 Nf5+ 57. Kf2 g6 1/2-1/2

[Event "EU Union-ch U14 17th"]
[Site "Mureck"]
[Date "2019.08.02"]
[Round "3"]
[White "Ullrich, Karol"]
[Black "Voriskova, Anna"]
[Result "1/2-1/2"]
[WhiteElo "1306"]
[BlackElo "1675"]
[PlyCount "98"]
[EventDate "2019.07.31"]
[EventType "swiss"]
[EventRounds "9"]
[EventCountry "AUT"]
[SourceTitle "EXT 2020"]
[Source "ChessBase"]
[SourceDate "2019.10.17"]
[SourceVersion "1"]
[SourceVersionDate "2019.10.17"]
[SourceQuality "1"]

1. e4 c5 2. Nf3 Nc6 3. d4 cxd4 4. Nxd4 Nf6 5. Nc3 d6 6. Bg5 Bd7 7. Bc4 e6 8. Bxf6 gxf6 9. Qd2 a6 10. 0-0-0 b5 11. Bb3 Be7 12. f4 Qc7 13. f5 Nxd4 14. Qxd4 a5 15. fxe6 fxe6 16. Bxe6 Bxe6 17. Nxb5 Qd7 18. Nxd6+ Bxd6 19. Qxd6 Qxd6 20. Rxd6 Ke7 21. Rhd1 Rhd8 22. Rb6 Rxd1+ 23. Kxd1 Ra7 24. a3 Rd7+ 25. Ke2 Rd6 26. Rb7+ Bd7 27. Ra7 a4 28. b4 axb3 29. cxb3 Ke6 30. b4 Ke5 31. Ke3 Rd1 32. a4 Re1+ 33. Kd2 Rxe4 34. Rxd7 Rxb4 35. a5 Ra4 36. Rxh7 Rxa5 37. Rh5+ f5 38. g4 Kf4 39. gxf5 Rxf5 40. Rh8 Kg4 41. h3+ Kg5 42. Ke3 Rf6 43. h4+ Kg6 44. Ra8 Kh5 45. Ra4 Rf1 46. Ke2 Rf8 47. Ke3 Rf1 48. Ke2 Rf8 49. Ke3 Rf1 1/2-1/2

[Event "Rubinstein Memorial-D 54th"]
[Site "Polanica Zdroj"]
[Date "2018.08.23"]
[Round "6"]
[White "Ullrich, Karol"]
[Black "Sokol, Maria"]
[Result "1/2-1/2"]
[WhiteElo "1303"]
[BlackElo "1304"]
[PlyCount "110"]
[EventDate "2018.08.18"]
[EventType "swiss"]
[EventRounds "9"]
[EventCountry "POL"]
[SourceTitle "EXT 2020"]
[Source "ChessBase"]
[SourceDate "2019.10.17"]
[SourceVersion "1"]
[SourceVersionDate "2019.10.17"]
[SourceQuality "1"]

1. e4 c5 2. Nf3 e6 3. d4 cxd4 4. Nxd4 a6 5. c4 Nf6 6. Nc3 Qc7 7. Bd3 b6 8. 0-0 Bb7 9. Re1 d6 10. b3 Nbd7 11. Bb2 Be7 12. Rc1 Nc5 13. Bc2 0-0 14. b4 Ncd7 15. Bb3 Rfe8 16. Kh1 Ne5 17. Qe2 Nc6 18. Nxc6 Bxc6 19. Ba4 Bxa4 20. Nxa4 Qb7 21. c5 dxc5 22. bxc5 bxc5 23. Nxc5 Qb5 24. a4 Qxe2 25. Rxe2 Rec8 26. e5 Nd5 27. Rec2 Bg5 28. Rd1 Rc7 29. Bd4 Be7 30. Rcc1 Bg5 31. Rb1 Be7 32. Rbc1 Rac8 33. Nd3 Rxc1 34. Rxc1 Rxc1+ 35. Nxc1 Nb4 36. Nb3 Kf8 37. Kg1 Ke8 38. Kf1 Nc6 39. Bc3 Kd7 40. Ke2 Nb4 41. Nd4 Nd5 42. Ba5 Bd8 43. Bxd8 Kxd8 44. Kd3 Kc7 45. Kc4 Kb6 46. Nb3 Nf4 47. a5+ Ka7 48. g3 Ng6 49. f4 Kb7 50. Kc5 Kc7 51. Nd4 Nf8 52. Nf3 Nd7+ 53. Kc4 h6 54. h4 Nf8 55. h5 Kc6 1/2-1/2

[Event "EU Union-ch U12 15th"]
[Site "Mureck"]
[Date "2017.08.07"]
[Round "6"]
[White "Ullrich, Karol"]
[Black "Waligora, Franciszek"]
[Result "1/2-1/2"]
[WhiteElo "1324"]
[BlackElo "1352"]
[PlyCount "56"]
[EventDate "2017.08.02"]
[EventType "swiss"]
[EventRounds "9"]
[EventCountry "AUT"]
[SourceTitle "CBM 180 Extra"]
[Source "ChessBase"]
[SourceDate "2017.10.06"]
[SourceVersion "1"]
[SourceVersionDate "2017.10.06"]
[SourceQuality "1"]

1. e4 e5 2. Nf3 Nc6 3. Bb5 a6 4. Ba4 d6 5. 0-0 Bd7 6. d4 exd4 7. Nxd4 b5 8. Bb3 Nxd4 9. Qxd4 c5 10. Bxf7+ Kxf7 11. Qd5+ Be6 12. Qh5+ g6 13. Qe2 Nf6 14. Bg5 Bc4 15. Qf3 Bxf1 16. e5 Be2 17. Qb7+ Ke6 18. Bxf6 Be7 19. Bxh8 Qxh8 20. Qe4 Bc4 21. exd6+ Kxd6 22. Nc3 Re8 23. Rd1+ Kc7 24. Qf4+ Kc8 25. Qg4+ Kb8 26. Qf4+ Kc8 27. Qg4+ Kb8 28. Qf4+ Kc8 1/2-1/2

[Event "POL-chT U20 2nd League"]
[Site "Szczyrk"]
[Date "2017.07.26"]
[Round "6.46"]
[White "Klimkowski, Jan"]
[Black "Ullrich, Karol"]
[Result "1-0"]
[WhiteElo "1771"]
[BlackElo "1324"]
[PlyCount "87"]
[EventDate "2017.07.22"]
[EventType "team-swiss"]
[EventRounds "11"]
[EventCountry "POL"]
[SourceTitle "EXT 2019"]
[Source "ChessBase"]
[SourceDate "2018.10.10"]
[SourceVersion "1"]
[SourceVersionDate "2018.10.10"]
[SourceQuality "1"]

1. e4 c6 2. d4 d5 3. exd5 cxd5 4. c4 Nf6 5. Nc3 e6 6. c5 Nc6 7. Nf3 Be7 8. Bb5 0-0 9. 0-0 a6 10. Bxc6 bxc6 11. Ne5 Qc7 12. Bf4 Qb7 13. a4 a5 14. Qc2 Nh5 15. Be3 f6 16. Nd3 f5 17. f4 Bf6 18. Rfb1 Qc7 19. b4 axb4 20. Rxb4 Ba6 21. Ne2 Rfb8 22. Rab1 Bxd3 23. Qxd3 Rxb4 24. Rxb4 Qa5 25. Qb3 h6 26. Kf2 g5 27. Bd2 Qc7 28. Rb7 Qc8 29. a5 Nxf4 30. Bxf4 gxf4 31. a6 Rxa6 32. Rb8 Ra8 33. Rxc8+ Rxc8 34. Qb7 Re8 35. Qxc6 Kf7 36. Qb7+ Re7 37. c6 Rxb7 38. cxb7 Be5 39. dxe5 f3 40. Nf4 d4 41. b8Q d3 42. Qc7+ Ke8 43. Ng6 fxg2 44. Qe7# 1-0

[Event "POL-chT U19 2nd League"]
[Site "Iwonicz"]
[Date "2016.07.31"]
[Round "1.10"]
[White "Lepski, Maksymilian"]
[Black "Ullrich, Karol"]
[Result "1-0"]
[WhiteElo "1442"]
[BlackElo "1211"]
[PlyCount "157"]
[EventDate "2016.07.23"]
[EventType "team-swiss"]
[EventRounds "11"]
[EventCountry "POL"]
[SourceTitle "EXT 2019"]
[Source "ChessBase"]
[SourceDate "2018.10.10"]
[SourceVersion "1"]
[SourceVersionDate "2018.10.10"]
[SourceQuality "1"]
[WhiteTeam "Gniezno LKS Chrobry U19"]
[BlackTeam "Poznan UMKS Na Pieterku U19"]
[WhiteTeamCountry "POL"]
[BlackTeamCountry "POL"]

1. d4 d5 2. c4 c6 3. Nc3 Nf6 4. Nf3 Bf5 5. e3 e6 6. a3 Be7 7. Bd3 Bxd3 8. Qxd3 Nbd7 9. 0-0 0-0 10. Bd2 Nb6 11. c5 Nc4 12. b3 Nxd2 13. Qxd2 b6 14. b4 a5 15. Na4 Ne4 16. Qc2 b5 17. Nb6 Ra7 18. bxa5 Rxa5 19. a4 Bh4 20. Ne5 Qc7 21. f3 Nf6 22. Qc3 Ra7 23. axb5 cxb5 24. Rxa7 Qxa7 25. Ra1 Qb7 26. Qb4 Rb8 27. Qxb5 Ne8 28. Qd7 Qxd7 29. Nexd7 Rd8 30. c6 Nc7 31. e4 f5 32. e5 Kf7 33. Ra7 Nb5 34. Rb7 Kg6 35. c7 Nxc7 36. Rxc7 Be1 37. f4 Ba5 38. Rc8 Rxc8 39. Nxc8 Kf7 40. Nd6+ Ke7 41. Nc5 Bd2 42. Kf2 Bxf4 43. g3 Bd2 44. Nd3 Bc3 45. Ke3 g5 46. Nb5 Ba5 47. h3 h6 48. h4 g4 49. Na3 Bc3 50. Nc2 Kf7 51. Nf4 Ke7 52. Nh5 Kf7 53. Nf4 Ke7 54. Kd3 Bb2 55. Ne2 Kf7 56. Nb4 Ke7 57. Kc2 Ba3 58. Kb3 Bxb4 59. Kxb4 Kd7 60. Kc5 Kc7 61. Nf4 Kd7 62. Kb6 Ke7 63. Kc6 Kf7 64. Kd6 Kf8 65. Kxe6 Ke8 66. Kf6 Kf8 67. e6 Ke8 68. e7 h5 69. Nd3 f4 70. Nxf4 Kd7 71. Kf7 Kc7 72. e8Q Kd6 73. Qe6+ Kc7 74. Ke7 Kb7 75. Kd7 Kb8 76. Kc6 Ka7 77. Qd7+ Ka6 78. Qb7+ Ka5 79. Qb5# 1-0